<?xml version="1.0" encoding="UTF-8"?>
<collection xmlns="http://www.loc.gov/MARC21/slim">
<record>
  <controlfield tag="001">171801</controlfield>
  <controlfield tag="005">20260603114408.0</controlfield>
  <datafield tag="024" ind1="7" ind2=" ">
    <subfield code="2">doi</subfield>
    <subfield code="a">10.1016/j.rlfa.2026.100576</subfield>
  </datafield>
  <datafield tag="024" ind1="8" ind2=" ">
    <subfield code="2">sideral</subfield>
    <subfield code="a">149524</subfield>
  </datafield>
  <datafield tag="037" ind1=" " ind2=" ">
    <subfield code="a">ART-2026-149524</subfield>
  </datafield>
  <datafield tag="041" ind1=" " ind2=" ">
    <subfield code="a">spa</subfield>
  </datafield>
  <datafield tag="100" ind1=" " ind2=" ">
    <subfield code="a">Puyuelo Sanclemente, Miguel</subfield>
    <subfield code="0">(orcid)0000-0003-3649-4287</subfield>
  </datafield>
  <datafield tag="245" ind1=" " ind2=" ">
    <subfield code="a">Análisis de la Producción Científica en la Revista de Logopedia Foniatría y Audiología en el decenio 2016-2025</subfield>
  </datafield>
  <datafield tag="260" ind1=" " ind2=" ">
    <subfield code="c">2026</subfield>
  </datafield>
  <datafield tag="520" ind1="3" ind2=" ">
    <subfield code="a">La Asociación Española de Logopedia, Foniatría y Audiología (AELFA), actualmente AELFA-IF, fue fundada en 1960. En sus inicios, comenzó a editar el denominado «Boletín de AELFA», el cual mantuvo una periodicidad de tres o cuatro números anuales hasta 1971. Posteriormente, entre 1973 y 1977, la difusión se realizó en colaboración con la Asociación Argentina de Logopedia a través de la revista Fonoaudiológica. Tras un periodo sin una publicación oficial desde 1977, en 1981 se fundó la actual cabecera (Perelló, 1981). La Revista de Logopedia, Foniatría y Audiología, en su formato actual, cuenta con una trayectoria de 46 años, siendo un medio relevante de comunicación de la producción científica especialmente en relación a logopedia en el ámbito de habla hispana, con colaboraciones de autores españoles y latino americanos, pero también del ámbito anglo sajón especialmente de Norte América.</subfield>
  </datafield>
  <datafield tag="540" ind1=" " ind2=" ">
    <subfield code="9">info:eu-repo/semantics/closedAccess</subfield>
    <subfield code="a">All rights reserved</subfield>
    <subfield code="u">http://www.europeana.eu/rights/rr-f/</subfield>
  </datafield>
  <datafield tag="655" ind1=" " ind2="4">
    <subfield code="a">info:eu-repo/semantics/other</subfield>
    <subfield code="v">info:eu-repo/semantics/publishedVersion</subfield>
  </datafield>
  <datafield tag="773" ind1=" " ind2=" ">
    <subfield code="g">46, 2 (2026), 100576 [5 p.]</subfield>
    <subfield code="p">Rev. logop. foniatr. audiol.</subfield>
    <subfield code="t">Revista de Logopedia, Foniatria y Audiologia</subfield>
    <subfield code="x">0214-4603</subfield>
  </datafield>
  <datafield tag="856" ind1="4" ind2=" ">
    <subfield code="s">587926</subfield>
    <subfield code="u">http://zaguan.unizar.es/record/171801/files/texto_completo.pdf</subfield>
    <subfield code="y">Versión publicada</subfield>
    <subfield code="z">info:eu-repo/date/embargoEnd/2027-05-27</subfield>
  </datafield>
  <datafield tag="856" ind1="4" ind2=" ">
    <subfield code="s">3258400</subfield>
    <subfield code="u">http://zaguan.unizar.es/record/171801/files/texto_completo.jpg?subformat=icon</subfield>
    <subfield code="x">icon</subfield>
    <subfield code="y">Versión publicada</subfield>
    <subfield code="z">info:eu-repo/date/embargoEnd/2027-05-27</subfield>
  </datafield>
  <datafield tag="909" ind1="C" ind2="O">
    <subfield code="o">oai:zaguan.unizar.es:171801</subfield>
    <subfield code="p">articulos</subfield>
    <subfield code="p">driver</subfield>
  </datafield>
  <datafield tag="951" ind1=" " ind2=" ">
    <subfield code="a">2026-06-03-11:05:38</subfield>
  </datafield>
  <datafield tag="980" ind1=" " ind2=" ">
    <subfield code="a">ARTICLE</subfield>
  </datafield>
</record>
</collection>